000 00366nam a2200145Ia 4500
008 230917s9999||||xx |||||||||||||| ||und||
040 _e136513
_aMAIN
041 _aEnglish
082 _a822.09 D656R
100 _aDobree, Bonamy
245 0 _aRestoration tragedy 1660-1720
260 _aOxford
_bOxford University Press
_c1972
300 _a189p p.
942 _cBK
999 _c157810
_d157810